Countries with McDonald's - Statistics

General Stats
  • This quiz has been taken 140 times
  • The average score is 76 of 94
Answers on the Map
Answers color-coded by a green-red scale on the quiz's map according to % correct below.
 
Answer Stats
Answer % Correct
Canada
99%
United States
99%
United Kingdom
98%
France
96%
Mexico
96%
Brazil
95%
Spain
95%
Australia
94%
Finland
94%
Italy
94%
China
93%
Germany
93%
Peru
93%
Argentina
92%
Chile
92%
Colombia
92%
Ireland
92%
Norway
92%
Poland
92%
Portugal
92%
Sweden
92%
India
91%
South Africa
91%
Belgium
89%
Panama
89%
Austria
88%
Japan
88%
Netherlands
88%
New Zealand
88%
Switzerland
88%
Denmark
87%
Dominican Republic
87%
Turkey
87%
Greece
86%
Indonesia
86%
South Korea
86%
Ukraine
86%
Egypt
85%
Saudi Arabia
85%
Costa Rica
84%
Cuba
84%
Guatemala
84%
Honduras
84%
Luxembourg
84%
Serbia
84%
Thailand
84%
Venezuela
84%
Vietnam
84%
Croatia
82%
Czech Republic
82%
Ecuador
82%
Pakistan
82%
Romania
82%
Slovenia
82%
Hungary
81%
Latvia
81%
Morocco
81%
Slovakia
81%
United Arab Emirates
81%
Uruguay
81%
Bahamas
80%
Israel
80%
Lithuania
80%
Paraguay
80%
El Salvador
79%
Oman
79%
Philippines
79%
Malaysia
78%
Nicaragua
78%
Bulgaria
76%
Estonia
76%
Jordan
76%
Iraq
74%
Sri Lanka
72%
Andorra
71%
Qatar
71%
Suriname
71%
Lebanon
69%
Malta
68%
Taiwan
68%
Moldova
67%
Singapore
67%
Bahrain
66%
Cyprus
65%
Kuwait
64%
Azerbaijan
59%
Fiji
59%
Georgia
59%
Liechtenstein
56%
Monaco
54%
Brunei
51%
Samoa
45%
Trinidad and Tobago
44%
Mauritius
29%
No matching quizzes found
Score Distribution
Percent of People with Each Score
Percentile by Number Answered
Your Score History
You have not taken this quiz